1749 1776 1677 1686 1994 1196 1923 1726 1229 1957 1195 1397 1034 1928 1782 1820 1972 1204 1276 1172 1054 1264 1662 1690 1860 1718 1027 1207 1795 1642 1091 1107 1057 1712 1201 1604 1253 1233 1857 1807 1570 1772 1639 1659 1113 1009 1763 1269 1428 1154 1866 1885 1625 1034 1040 1199 1365 1207 1951 1436 1168 1270 1564 1752 1520 1622 1663 1505 1624 1771 1380 1275 1943 1748 1350 1958 1631 1449 1767 1186 1106 1673 1314 1057 1716 1604 1800 1840 1362 1635 1772 1230 1821 1596 1880 1875 1590 1755 1724 BCNSPRNW ULIB Ver.6.0+V

เปลี่ยนเป็นภาษาไทย

Change to English
 แสดงรายละเอียดบรรณานุกรม
  กลับหน้าหลัก

Brief Record : Get Marc (ISO 2709) : E-mail record : QR code < ปิดหน้าต่าง
LEADER : 00000nam 2200000uu 4500
001    13399114730
003     ULIB
008    120504s2552||||th 000 0 tha d
020    ^a9789743001796
060 04 ^aWH120^bว543ว
100 0  ^aวิชัย ประยูรวิวัฒน์
245 00 ^aเวชปฏิบัติทางโลหิตวิทยา /^c[คณะบรรณาธิการ] วิชัย ประยูรวิวัฒน์, ปัญญา เสกสรรค์
250    ^aพิมพ์ครั้งที่ 1
260    ^aกรุงเทพฯ :^bสมาคมโลหิตวิทยาแห่งประเทศไทย,^c2552
300    ^a[16], 626 หน้า :^bภาพประกอบ ;^c26 ซม.
500    ^aชื่อเรื่องจากปกนอก
500    ^aSend to Single Search
650  4 ^aเลือด, โรค^xการรักษา
650  4 ^aเลือด, โรค^xการวินิจฉัย
650  4 ^aโลหิตวิทยา^vคู่มือปฏิบัติการ
653    ^aผลงานอาจารย์คณะแพทยศาสตร์ศิริราชพยาบาล
700 0  ^aวิชัย ประยูรวิวัฒน์,^eบรรณาธิการ
700 0  ^aปัญญา เสกสรรค์,^eบรรณาธิการ
710 2  ^aสมาคมโลหิตวิทยาแห่งประเทศไทย
945    ^p500^l0^i19013
945    ^p500^l0^i19014
995    ^aเกษร
999 ^a ใช้งานได้ทุกระบบ
รายการนี้ยังไม่มีแท็ก
คุณยังไม่ได้ล็อกอิน คุณสามารถมีกิจกรรมร่วมกับเว็บไซต์ได้ แต่ต้องล็อกอินก่อน ::
  ล็อกอิน

รายการสื่อสารสนเทศ

ลำดับที่ ประเภท เลขเรียก/บาร์โค้ด สถานที่ สถานะ
- ไม่พบข้อมูล -

รายการใกล้เคียง
    ผู้แต่ง [วิชัย ประยูรวิวัฒน์]

BibComment


ยังไม่เคยถูกคอมเมนท์

คอมเมนท์ทรัพยากรรายการนี้
  คอมเมนท์: เวชปฏิบัติทางโลห..


 Copyright 2026. Bcnsprnw @Library